LA DOULOUREUSE PASSION DE N.-S. JESUS-CHRIST. D'APRES LES MEDITATIONS DE (Record n. 274213)
[ formato base ]
| 000 -LEADER | |
|---|---|
| fixed length control field | 01286nam a2200229Ia 4500 |
| 001 - CONTROL NUMBER | |
| control field | L248-15044 |
| 003 - CONTROL NUMBER IDENTIFIER | |
| control field | IT-CnALBA |
| 008 - FIXED-LENGTH DATA ELEMENTS--GENERAL INFORMATION | |
| fixed length control field | 170116s9999||||xx |||||||||||||| ||und|| |
| 040 ## - CATALOGING SOURCE | |
| Original cataloging agency | IT-CnALBA |
| Transcribing agency | IT-CnALBA |
| 041 ## - LANGUAGE CODE | |
| Language code of text/sound track or separate title | FRANCESE |
| 999 ## - SYSTEM CONTROL NUMBERS (KOHA) | |
| Koha Dewey Subclass [OBSOLETE] | SI |
| 100 ## - MAIN ENTRY--PERSONAL NAME | |
| Personal name | EMMERICH ANNA CATERINA REL. AGOST. |
| Miscellaneous information | def. 1824 |
| 245 #0 - TITLE STATEMENT | |
| Title | LA DOULOUREUSE PASSION DE N.-S. JESUS-CHRIST. D'APRES LES MEDITATIONS DE |
| 250 ## - EDITION STATEMENT | |
| Edition statement | 49a ed. |
| 260 ## - PUBLICATION, DISTRIBUTION, ETC. (IMPRINT) | |
| Place of publication, distribution, etc. | PARIS |
| Name of publisher, distributor, etc. | TEQUI PIERRE, LIBRAIRIE-EDITEUR |
| Date of publication, distribution, etc. | 1945 [1° Ed.: - Ed.Ling.Originale: 1835] |
| 300 ## - PHYSICAL DESCRIPTION | |
| Extent | 376 p. (prefazione: 7) |
| 500 ## - GENERAL NOTE | |
| General note | TRADUZIONE DAL TEDESCO DI M. L'ABBÈ DE CAZALES. VITA DI CATERINA EMMERICH.CENACOLO. ULTIMA CENA. LAVANDA DEI PIEDI. ISTITUZIONE DELL'EUCARISTIA. MONTE DEGLI ULIVI. GIUDA. ANNA. CAIFA. PIETRO. PILATO. VIA CRUCIS. ERODE. FLAGELLAZIONE. INCORONAZIONE DI SPIN |
| 501 ## - WITH NOTE | |
| With note | Società San Paolo EM - Piazza San Paolo, 14 - 12051 ALBA (CN) (non commercial uses only) ® Copyright 2017 |
| 520 ## - SUMMARY, ETC. | |
| Summary, etc. | TRADUZIONE DAL TEDESCO DI M. L'ABBÈ DE CAZALES. VITA DI CATERINA EMMERICH.CENACOLO. ULTIMA CENA. LAVANDA DEI PIEDI. ISTITUZIONE DELL'EUCARISTIA. MONTE DEGLI ULIVI. GIUDA. ANNA. CAIFA. PIETRO. PILATO. VIA CRUCIS. ERODE. FLAGELLAZIONE. INCORONAZIONE DI SPIN |
| 650 ## - SUBJECT ADDED ENTRY--TOPICAL TERM | |
| Topical term or geographic name as entry element | ASCETICA E MISTICA |
| 942 ## - ADDED ENTRY ELEMENTS (KOHA) | |
| Koha item type | LIBRO |
| 957 ## - | |
| -- | 1 |
| 999 ## - SYSTEM CONTROL NUMBERS (KOHA) | |
| -- | Copie: 1 |
| Withdrawn status | Lost status | Damaged status | Not for loan | Home library | Current library | Date acquired | Total Checkouts | Full call number | Date last seen | Price effective from | Koha item type | Public note |
|---|---|---|---|---|---|---|---|---|---|---|---|---|
| Buone Condizioni | Not For Loan | ALBA - Biblioteca | ALBA - Biblioteca | 16/01/2017 | L248-15044 | 16/01/2017 | 16/01/2017 | LIBRO | (data import: 16 gennaio 2017) - By Epidotti, Vaglietti. |